Accounting and business analysis. / (Record no. 8200)

MARC details
000 -LEADER
fixed length control field 01244nam a22002177a 4500
003 - CONTROL NUMBER IDENTIFIER
control field OSt
005 - DATE AND TIME OF LATEST TRANSACTION
control field 20211207113058.0
008 - FIXED-LENGTH DATA ELEMENTS--GENERAL INFORMATION
fixed length control field 120530t xxu||||| |||| 00| 0 eng d
024 ## - OTHER STANDARD IDENTIFIER
Standard number or code 1453901091314
040 ## - CATALOGING SOURCE
Transcribing agency LC
050 ## - LIBRARY OF CONGRESS CALL NUMBER
Classification number HF5686.A17
245 ## - TITLE STATEMENT
Title Accounting and business analysis. /
246 ## - VARYING FORM OF TITLE
Title proper/short title BUS 2257 - Second Term 2012/13
260 ## - PUBLICATION, DISTRIBUTION, ETC.
Place of publication, distribution, etc. London, Ontario:
Name of publisher, distributor, etc. Ivey Business School,
Date of publication, distribution, etc. 2013.
300 ## - PHYSICAL DESCRIPTION
Extent [various pagings].:
Other physical details ill.;
490 ## - SERIES STATEMENT
Materials specified Business case studies
505 ## - FORMATTED CONTENTS NOTE
Formatted contents note Contents: The grow green program -- Centre spot -- Cash budgeting/cash management -- Parsons' garden centre -- Rosa's palas franchise -- LG electronics Canada, Inc. -- the watch phone -- Shirley equipment corporation -- Statement of cash flows -- Knight importers -- Lowe's companies, Inc. -- Financial ratio analysis -- Healthy life group -- Financial planning -- projected financial statements -- Introduction to managerial accounting -- Stix furniture -- The differential cash flow model -- Cool moose creamery Eastern talon transport -- Adamac Inc. -- Horseshoe resort -- Adept chemical Inc. -- Terracycle Inc. -- CAA auto repair faculty --
653 ## - INDEX TERM--UNCONTROLLED
Uncontrolled term Social structure.
-- Accounting
710 ## - ADDED ENTRY--CORPORATE NAME
Subordinate unit Ivey Business School
942 ## - ADDED ENTRY ELEMENTS (KOHA)
Source of classification or shelving scheme Library of Congress Classification
Koha item type Books
Holdings
Withdrawn status Lost status Source of classification or shelving scheme Damaged status Not for loan Home library Current library Shelving location Date acquired Serial Enumeration / chronology Full call number Barcode Date last seen Price effective from Koha item type Public note
    Library of Congress Classification     WISCONSIN INTERNATIONAL UNIVERSITY COLLEGE, GHANA KUMASI LIBRARY WISCONSIN INTERNATIONAL UNIVERSITY COLLEGE, GHANA KUMASI LIBRARY General Stacks 11/11/2019 ACC/Ric HF5686.A17 K/1891/1891/19 06/12/2021 06/12/2021 Books Part of the Ivey Collection. Shelved alphabetically by title

If you have any concerns or questions; kindly contact the library


© Powered by WIUC ICT DIRECTORATE